000 00466nam a2200169 4500
001 115869
003 ES-MaACL
005 20231228173804.0
007 t|
008 061121s1964 sp r ||||1| spa d
100 1 _aOrs, Eugenio d',
_d1881-1954
_987358
245 1 3 _aLa ciencia de la cultura /
_cEugenio d'Ors.
260 _aMadrid :
_bRialp,
_c1964.
300 _a496 p. ;
_c24 cm.
852 _aES-MaACL
_jC-25826
_bR.54315
999 _c115869
_d115869